[Event "24th ECC"]
[Site "Kallithea GRE"]
[Date "2008.10.21"]
[Round "5"]
[White "Milov,V"]
[Black "Thorfinnsson,Br"]
[Result "1/2-1/2"]
[WhiteElo "2681"]
[BlackElo "2383"]

1.c4 Nf6 2.Nc3 e5 3.e3 c6 4.Nf3 e4 5.Nd4 d5 6.cxd5 cxd5 7.d3 exd3 8.Bxd3 Nc6
9.O-O Bd6 10.Nxc6 bxc6 11.e4 Ng4 12.h3 Qh4 13.exd5 O-O 14.Ne4 Bh2+ 15.Kh1 cxd5
16.Ng5 Be5 17.Nf3 Qh5 18.Be2 Nf6 19.Nxe5 Qxe5 20.Be3 Ne4 21.Qd4 Qxd4 22.Bxd4 a5
23.Kh2 Ba6 24.Bxa6 Rxa6 25.Rac1 a4 26.Rfd1 h6 27.Rc2 Rd8 28.Be3 Rd7 29.Rd4 Kh7
30.Rb4 Kg6 31.h4 h5 32.f3 Nd6 33.Rd2 Nf5 34.Bf2 Ne7 35.Rb5 f6 36.g4 hxg4
37.fxg4 Kf7 38.Kg3 Ke6 39.Re2+ Kf7 40.Bc5 Nc6 41.h5 d4 42.g5 Ne5 43.Bb4 Rc6
44.Rf2 Nd3 45.Rd2 Ne5 46.Kf4 Ke6 47.Ke4 d3 48.b3 axb3 49.axb3 f5+ 50.Ke3 Ng4+
51.Kf3 Rd4 52.Bf8 Rc1 53.Bxg7 Rf1+ 54.Kg3 Rg1+ 55.Kf3 Rf1+ 56.Kg3 Rg1+  1/2-1/2

[Event "24th ECC"]
[Site "Kallithea GRE"]
[Date "2008.10.23"]
[Round "7"]
[White "Trygstad,K"]
[Black "Milov,V"]
[Result "0-1"]
[WhiteElo "2316"]
[BlackElo "2681"]

1.e4 c5 2.Nf3 e6 3.d4 cxd4 4.Nxd4 a6 5.Nc3 d6 6.Bd3 Nf6 7.O-O Nbd7 8.Kh1 b5
9.f4 Bb7 10.Qe2 Nc5 11.a3 g6 12.Nf3 Bg7 13.e5 Nd5 14.Ne4 Nxe4 15.Bxe4 O-O
16.Bd2 Rc8 17.Rac1 Rc4 18.Bxd5 Bxd5 19.Bb4 Rxf4 20.Bxd6 Re8 21.Nd2 Bh6 22.Rxf4 Bxf4
23.Qf2 Qg5 24.Rf1 Rc8 25.Nf3 Qh5 26.h3 f6 27.Kg1 fxe5 28.g3 Bxf3 29.Qxf3 Qg5
30.g4 Qd8 31.Rd1 Qb6+ 32.Kh1 Rd8 33.Qd3 e4 34.Bc5 Rxd3  0-1

[Event "12th Corsica Masters"]
[Site "Bastia/Ajaccio FRA"]
[Date "2008.10.25"]
[Round "1"]
[White "Gerandi,G"]
[Black "Milov,V"]
[Result "0-1"]
[WhiteElo "1775"]
[BlackElo "2681"]

1.e4 c5 2.d4 cxd4 3.c3 Nf6 4.e5 Nd5 5.cxd4 Nc6 6.Bf4 Nc3 7.bxc3 e6 8.Bc4 Bc5
9.a4 Na5 10.Bg3 Ba3 11.Ba2 Bf8  0-1

[Event "12th Corsica Masters"]
[Site "Bastia/Ajaccio FRA"]
[Date "2008.10.25"]
[Round "1"]
[White "Milov,V"]
[Black "Barnier,A"]
[Result "1-0"]
[WhiteElo "2681"]
[BlackElo "2046"]

1.d4 g6 2.e4 Bg7 3.Nc3 d6 4.Be3 Nf6 5.f3 c6 6.Qd2 e5 7.Nge2 h6 8.O-O-O Qe7
9.g4 Nbd7 10.Ng3 a6 11.h4 b5 12.h5 exd4 13.Bxd4 Ne5 14.Be2 g5 15.Be3 Bf8
16.Rhf1 Be6 17.f4 gxf4 18.Bxf4 Nfxg4 19.Nf5 Bxf5 20.exf5 Rg8 21.Ne4 d5 22.Nf2 Nxf2
23.Rxf2 f6 24.Bxe5 Qxe5 25.Bxb5 axb5 26.Re2 Bd6 27.Rxe5+ Bxe5 28.Kb1 Ra4
29.Qxh6 Rg5 30.Rxd5 Ra8  1-0

[Event "12th Corsica Masters"]
[Site "Bastia/Ajaccio FRA"]
[Date "2008.10.25"]
[Round "3"]
[White "Brih,S"]
[Black "Milov,V"]
[Result "0-1"]
[WhiteElo "2243"]
[BlackElo "2681"]

1.d4 Nf6 2.c4 e6 3.Nc3 Bb4 4.e3 c5 5.Bd3 Nc6 6.Ne2 cxd4 7.exd4 d5 8.O-O dxc4
9.Bxc4 O-O 10.Bg5 Be7 11.Bh4 e5 12.dxe5 Nxe5 13.Bb3 Bf5 14.Ng3 Bd3 15.Re1 Ng6
16.Rxe7 Nxe7 17.Bxf6 gxf6 18.Nh5 Kh8 19.Qf3 Bf5 20.Nd5 Rc8 21.Nxe7 Qxe7 22.Qxf5 Rc5
23.Qxf6+ Qxf6 24.Nxf6 Rd8 25.Ne4 Re5 26.f3 f5 27.Nc3 Rd2 28.Rd1 Rxb2 29.h4 Re7
30.Rd8+ Kg7 31.Rg8+ Kh6 32.Nd5 Rg7 33.Rxg7 Kxg7 34.Kh2 b5 35.Nc7 b4 36.Na6 Rd2
37.Nxb4 Kf6 38.Kg3 f4+ 39.Kxf4 Rd4+ 40.Ke3 Rxb4 41.g4 a5 42.f4 a4 43.g5+ Kg7
44.Bd5 Rb2 45.Kf3 Rd2 46.Be6 Kg6 47.f5+ Kg7 48.Kg4 Rd4+ 49.Kh5 Rf4 50.Bd7 Rd4
51.Be6 Rf4 52.Bd7 Rd4 53.f6+ Kf8 54.Bf5 Kg8 55.Be6+ Kf8 56.Bf5 Kg8 57.f7+ Kxf7
58.Bxh7 a3 59.Bc2 Rb4 60.Bf5 Rb2 61.Be4 Ke6 62.Bh7 Kf7 63.Be4 Kg7 64.Bd5 Rb4
65.Be6 Re4 66.Bd5 Re3 67.Kg4 Rd3 68.Be6 Rd6 69.Kf5 Rd2 70.h5 Rf2+ 71.Ke5 Re2+
72.Kd6 Rg2 73.h6+ Kg6 74.Bg8 Rxg5 75.h7 Kg7 76.Kc6 Rh5 77.Kb6 Kf6 78.Ka6 Ke7
79.Bc4 Kd6 80.Bg8 Kc6 81.Bf7 Rxh7 82.Be8+ Kc5  0-1

[Event "12th Corsica Masters"]
[Site "Bastia/Ajaccio FRA"]
[Date "2008.10.26"]
[Round "5"]
[White "Hamdouchi,H"]
[Black "Milov,V"]
[Result "0-1"]
[WhiteElo "2598"]
[BlackElo "2681"]

1.e4 c5 2.Nf3 e6 3.d4 cxd4 4.Nxd4 a6 5.Nc3 d6 6.g3 Ne7 7.Bg2 Nec6 8.Be3 b5
9.O-O Bb7 10.Qh5 Nxd4 11.Bxd4 Nc6 12.Be3 Be7 13.Rad1 O-O 14.f4 Qc7 15.g4 b4
16.Na4 Rfe8 17.Bb6 Qc8 18.g5 Nb8 19.Bd4 Nd7 20.f5 exf5 21.Rd3 Ne5 22.Rh3 h6
23.gxh6 g6 24.h7+ Kh8 25.Qe2 Bxe4 26.Bxe4 fxe4 27.Rg3 Qe6 28.Qxe4 Bf8 29.Nb6 Rad8
30.Qb7 Bg7 31.Kh1 d5 32.Re3 Re7 33.Qxa6 Qc6 34.Qe2 Rde8 35.b3 Kxh7 36.Na4 Kg8
37.Nc5 Qd6 38.Qf2 f5 39.Qg3 Qc6 40.Rg1 Ng4 41.Rxe7 Rxe7 42.Bxg7 Kxg7 43.Nd3 d4+
44.Rg2 Ne3 45.Ne5 Rb7  0-1

[Event "12th Corsica Masters KO"]
[Site "Ajaccio FRA"]
[Date "2008.10.28"]
[Round "2.3"]
[White "Milov,V"]
[Black "Tregubov,P"]
[Result "1-0"]
[WhiteElo "2681"]
[BlackElo "2646"]

1.d4 Nf6 2.c4 c5 3.d5 b5 4.Nf3 e6 5.dxe6 fxe6 6.cxb5 d5 7.Bf4 Bd6 8.Bxd6 Qxd6
9.e3 O-O 10.Nc3 Nbd7 11.Be2 Bb7 12.O-O e5 13.a4 e4 14.Nd2 Ne5 15.Ndxe4 Nxe4
16.Nxe4 Qe7 17.Ng3 Rad8 18.Qc2 d4 19.exd4 cxd4 20.Rad1 Kh8 21.Bd3 Qh4 22.Qc7 Nf3+
23.gxf3 Bxf3 24.Be2 Ba8 25.Rd3 Qh3 26.f3 Rde8 27.Qc2 h5 28.Rxd4 h4 29.Ne4 Re5
30.Rf2 Re6 31.Ng5  1-0

[Event "World Open"]
[Site "Leon ESP"]
[Date "2008.12.27"]
[Round "3"]
[White "Suarez Real,A"]
[Black "Milov,V"]
[Result "0-1"]
[WhiteElo "2417"]
[BlackElo "2681"]

1.e4 c5 2.Nf3 e6 3.d4 cxd4 4.Nxd4 a6 5.Nc3 d6 6.Be2 b5 7.f4 b4 8.Na4 Nf6
9.Bf3 e5 10.Nb3 Nbd7 11.fxe5 dxe5 12.Be3 Qc7 13.c3 Bb7 14.Rc1 Bc6 15.cxb4 Bxb4+
16.Bd2 Qb7 17.Bxb4 Qxb4+ 18.Nc3 O-O 19.O-O a5 20.Rc2 a4 21.Nc1 Nc5 22.Kh1 Ncxe4
23.Nd3  0-1

[Event "World Open"]
[Site "Leon ESP"]
[Date "2008.12.27"]
[Round "5"]
[White "Agrest,E"]
[Black "Milov,V"]
[Result "0-1"]
[WhiteElo "2574"]
[BlackElo "2681"]

1.c4 e5 2.Nc3 d6 3.g3 g6 4.d4 Nc6 5.Nf3 exd4 6.Nxd4 Bg7 7.Nxc6 bxc6 8.Bg2 Ne7
9.O-O O-O 10.Qd2 a5 11.b3 a4 12.Ba3 axb3 13.axb3 Be6 14.Bb2 Rb8 15.Ra3 d5
16.cxd5 cxd5 17.Na4 Bxb2 18.Qxb2 Qd6 19.Rd1 c5 20.Qc1 Rfc8 21.Nc3 Qe5 22.f4 Qd6
23.Kh1 d4 24.Ne4 Qb6 25.Nd2 Nf5 26.Nc4 Bxc4 27.bxc4 Re8 28.Bf3 Ne3 29.Rdd3 Qb4
30.h3 Qxc4 31.Qxc4 Nxc4 32.Ra7 Ne3 33.Kh2 Red8 34.Rda3 c4 35.Re7 Nf5 36.Rc7 Rbc8
37.Raa7 Rxc7 38.Rxc7 d3 39.exd3 cxd3  0-1

[Event "World Open"]
[Site "Leon ESP"]
[Date "2008.12.27"]
[Round "6"]
[White "Milov,V"]
[Black "Bareev,E"]
[Result "1/2-1/2"]
[WhiteElo "2681"]
[BlackElo "2647"]

1.c4 e5 2.Nc3 Nf6 3.e3 Nc6 4.a3 g6 5.Nf3 Bg7 6.d3 O-O 7.Be2 d5 8.cxd5 Nxd5
9.Bd2 a5 10.O-O Nce7 11.e4 Nb6 12.Be3 Nc6 13.Nb5 a4 14.Rc1 Ra5 15.d4 exd4
16.Nbxd4 Nxd4 17.Nxd4 Qe7 18.Nb5 Qxe4 19.Qd2 Nd5 20.Bf3 Qxf3 21.gxf3 Rxb5
22.Bd4 Bxd4 23.Qxd4 c6 24.Rfe1 Be6 25.h4 h5 26.Rcd1 Rb3 27.Kg2  1/2-1/2

[Event "World Open"]
[Site "Leon ESP"]
[Date "2008.12.27"]
[Round "7"]
[White "Malakhatko,V"]
[Black "Milov,V"]
[Result "0-1"]
[WhiteElo "2633"]
[BlackElo "2681"]

1.d4 g6 2.e4 Bg7 3.c3 d6 4.Nf3 Nf6 5.Bd3 O-O 6.O-O Nc6 7.h3 e5 8.dxe5 dxe5
9.Qc2 Nh5 10.Bg5 Qe8 11.Be3 b6 12.Re1 Nd8 13.Nbd2 Ne6 14.a4 Nhf4 15.Bf1 Qe7
16.a5 Bb7 17.Rad1 f5 18.exf5 gxf5 19.Qb3 Kh8 20.a6 Bd5 21.Qa4 Qf7 22.c4 Bxf3
23.Nxf3 e4 24.Ng5 Nxg5 25.Bxf4 Ne6 26.Bc1 Nd4 27.c5 bxc5 28.Qc4 Qg6 29.Kh1 Qd6
30.b3 Rad8 31.Ba3 Qf4 32.Bxc5 Be5 33.g3 Qxf2 34.Qe2 Qxe2  0-1

[Event "World Open"]
[Site "Leon ESP"]
[Date "2008.12.28"]
[Round "8"]
[White "Milov,V"]
[Black "Fridman,D2"]
[Result "0-1"]
[WhiteElo "2681"]
[BlackElo "2630"]

1.d4 d5 2.c4 e6 3.Nf3 Be7 4.Nc3 Nf6 5.cxd5 exd5 6.Bf4 c6 7.e3 Qb6 8.a3 Bf5
9.b4 a5 10.b5 a4 11.Be2 Qa5 12.Qd2 O-O 13.O-O Nbd7 14.Rfc1 Rfc8 15.Qb2 c5
16.h3 h6 17.Be5 Be6 18.Qd2 Nxe5 19.Nxe5 cxd4 20.exd4 Rc7 21.Qe3 Rac8 22.Na2 Ne4
23.Rxc7 Rxc7 24.Rc1 Bg5 25.f4 Bh4 26.Nd3 Rxc1+ 27.Qxc1 Qxb5 28.Nab4 Qc4 29.Qb2 Nc3
30.Bf3 Bg3 31.Kh1 Bf5 32.Be2 Qb3  0-1

[Event "7th Gibtelecom Masters"]
[Site "Caleta ENG"]
[Date "2009.01.28"]
[Round "2"]
[White "Bates,C"]
[Black "Milov,V"]
[Result "0-1"]
[WhiteElo "2142"]
[BlackElo "2669"]

1.e4 c5 2.Nc3 e6 3.Nf3 a6 4.d4 cxd4 5.Nxd4 d6 6.g3 Ne7 7.Bg2 Nec6 8.O-O b5
9.b3 Be7 10.Bb2 O-O 11.Nde2 Nd7 12.Qd2 Qc7 13.Rfd1 Bb7 14.h3 Rfd8 15.g4 Nc5
16.Ng3 Bf8 17.Nce2 Rac8 18.Nh5 Ne5 19.Neg3 f6 20.Rac1 d5 21.exd5 Bxd5 22.Qe2 Bxg2
23.Kxg2 Qc6+ 24.f3 Ng6 25.Bd4 Nh4+ 26.Kf2 e5 27.Be3 g6 28.g5 gxh5 29.gxf6 Qxf6
30.Rg1 Ng6 31.Nxh5 Qh4+ 32.Ng3 Ne6 33.Qf1 Nef4 34.Rh1 Rc3 35.Qe1 Bb4 36.Kf1 Rxc2
37.Qxb4 Rxc1+ 38.Bxc1 Qxg3  0-1

[Event "7th Gibtelecom Masters"]
[Site "Caleta ENG"]
[Date "2009.01.29"]
[Round "3"]
[White "Milov,V"]
[Black "Nemeth,Mi1"]
[Result "1-0"]
[WhiteElo "2669"]
[BlackElo "2472"]

1.d4 Nf6 2.c4 e6 3.Nc3 Bb4 4.e3 c5 5.Bd3 d5 6.cxd5 Nxd5 7.Ne2 cxd4 8.exd4 O-O
9.a3 Nxc3 10.bxc3 Bd6 11.O-O Qc7 12.f4 Nd7 13.c4 b6 14.Bb2 Bb7 15.Qd2 Rfe8
16.Ng3 Nf6 17.Kh1 Bf8 18.Rae1 Qd8 19.f5 exf5 20.Rxe8 Qxe8 21.Nxf5 Be4 22.d5 Bxd3
23.Qxd3 Ne4 24.Rf4 Nd6 25.h3 Nxf5 26.Qxf5 Rd8 27.Qg5 Rd6 28.Qf5 Rd8 29.Re4 Qd7
30.Qe5 Qd6 31.Qd4 Qg3 32.Qg1 Qd3 33.Qe1 b5 34.Rg4 bxc4 35.Bf6 Rxd5 36.Bxg7 h5
37.Rg3 Bxg7 38.Qe8+ Kh7 39.Rxd3 Rxd3 40.Qxf7 Rd4 41.Qxh5+ Kg8 42.Kh2 c3 43.Qc5 Rd2
44.Qe3 Rb2 45.h4 c2 46.h5 Be5+ 47.Kh3 Kf8 48.g3 Rb3 49.Qc5+ Kf7 50.Qxc2 Rxg3+
51.Kh4 Rxa3 52.Qc4+ Ke7 53.Qb4+ Bd6 54.Qe4+ Kf6 55.h6 Rb3 56.h7 Rb8 57.Qd5  1-0

[Event "7th Gibtelecom Masters"]
[Site "Caleta ENG"]
[Date "2009.01.30"]
[Round "4"]
[White "Ganguly,S"]
[Black "Milov,V"]
[Result "1/2-1/2"]
[WhiteElo "2614"]
[BlackElo "2669"]

1.e4 e5 2.Nf3 Nc6 3.Bb5 a6 4.Ba4 d6 5.c3 Bd7 6.d4 g6 7.O-O Bg7 8.Re1 Qe7
9.Be3 Nf6 10.Nbd2 Ng4 11.Nf1 O-O 12.Bg5 f6 13.Bd2 Kh8 14.Ng3 Nh6 15.h3 Nf7
16.Rc1 Qd8 17.Be3 b5 18.Bc2 Ne7 19.Bb3 a5 20.a3 Rb8 21.Qd2 Bc6 22.Red1 Qe8
23.Nh4 Qc8 24.Ba2 Qb7 25.Qc2 Ng5 26.Bb1 Qc8 27.Qe2 Be8 28.b4 Ne6 29.Qd2 Nf4
30.Nf3  1/2-1/2

[Event "7th Gibtelecom Masters"]
[Site "Caleta ENG"]
[Date "2009.02.03"]
[Round "8"]
[White "Milov,V"]
[Black "Kotronias,V"]
[Result "1-0"]
[WhiteElo "2669"]
[BlackElo "2603"]

1.d4 Nf6 2.c4 e6 3.Nc3 Bb4 4.e3 O-O 5.Ne2 d5 6.a3 Bd6 7.c5 Be7 8.b4 Nbd7
9.Ng3 a5 10.b5 e5 11.Be2 exd4 12.exd4 Re8 13.O-O b6 14.c6 Nf8 15.f4 Ne6 16.Kh1 Ne4
17.Ncxe4 dxe4 18.Be3 Bf6 19.f5 Nxd4 20.Bc4 a4 21.Qh5 Qe7 22.Bxd4 Bxd4 23.Rae1 e3
24.Rf4 Rd8 25.h3 Bc3 26.Re4 Qf6 27.R1xe3 g6 28.fxg6 Kf8 29.gxf7  1-0

[Event "7th Gibtelecom Masters Playoff"]
[Site "Caleta ENG"]
[Date "2009.02.06"]
[Round "1"]
[White "Milov,V"]
[Black "Svidler,P"]
[Result "0-1"]
[WhiteElo "2669"]
[BlackElo "2723"]

1.c4 e5 2.Nc3 Nf6 3.e3 Nc6 4.a3 g6 5.Nf3 Bg7 6.d3 d5 7.cxd5 Nxd5 8.Bd2 O-O
9.Be2 a5 10.O-O Be6 11.Rc1 Nxc3 12.Bxc3 a4 13.Nd2 Na5 14.f4 Nb3 15.Nxb3 Bxb3
16.Qe1 Re8 17.Qg3 exf4 18.Qxf4 Qe7 19.Bxg7 Kxg7 20.Bd1 Bxd1 21.Rxc7 Qxe3+
22.Qxe3 Rxe3 23.Rxd1 b5 24.Rd2 Rd8 25.d4 Rd5 26.h3 h5 27.Rb7 Re4 28.Kf2 Rf5+
29.Kg1 h4 30.Kh2 Re1 31.g3 hxg3+ 32.Kxg3 Re3+ 33.Kg2 Rg5+ 34.Kh2 Rh5 35.d5 Rexh3+
36.Kg1 Rh1+ 37.Kf2 R1h2+  0-1

[Event "XXIV Rapid"]
[Site "Villarrobledo ESP"]
[Date "2009.07.25"]
[Round "4"]
[White "Milov,V"]
[Black "Bacrot,E"]
[Result "1/2-1/2"]
[WhiteElo "2659"]
[BlackElo "2721"]

1.d4 Nf6 2.c4 e6 3.Nc3 Bb4 4.e3 O-O 5.Bd3 d5 6.cxd5 exd5 7.Ne2 c5 8.a3 Bxc3+
9.bxc3 Bg4 10.f3 Bh5 11.Nf4 Bg6 12.Be2 Nc6 13.g4 Rc8 14.O-O Re8 15.Ra2 cxd4
16.cxd4 Na5 17.h4 Qc7 18.Bb5 Red8 19.Rg2 Bc2 20.Qe1 a6 21.Be2 Nb3 22.g5 Nh5
23.Nxh5 Bg6 24.Nf6+ gxf6 25.Bb2 fxg5 26.e4 gxh4 27.Qxh4 Qb6 28.Bd3 dxe4 29.Bxe4 Rxd4
30.Bxd4 Qxd4+ 31.Qf2 Qxf2+ 32.Rfxf2 b5 33.f4 Kf8 34.f5 Bh5 35.Rh2 Bg4 36.Rxh7 Ke7
37.Bd5 Nd4 38.Rxf7+ Kd6 39.Bg2 Rc1+ 40.Kh2 Bxf5 41.Ra7 Bc8 42.Rd2 Ke5 43.Re7+ Kf6
44.Re4  1/2-1/2

[Event "XXIV Rapid"]
[Site "Villarrobledo ESP"]
[Date "2009.07.26"]
[Round "7"]
[White "Milchev,N"]
[Black "Milov,V"]
[Result "1/2-1/2"]
[WhiteElo "2351"]
[BlackElo "2659"]

1.Nf3 Nf6 2.c4 g6 3.Nc3 Bg7 4.e4 d6 5.d4 O-O 6.h3 Na6 7.Be3 e5 8.dxe5 dxe5
9.c5 Qe7 10.Bxa6 bxa6 11.O-O Bb7 12.Qa4 Qe6 13.Nd2 Nh5 14.Qb3 Qxb3 15.Nxb3 f5
16.Na5 Rab8 17.c6 Bc8 18.b3 Rb5 19.Nxb5 axb5 20.Bxa7 Nf6 21.Bb8 Nxe4 22.Bxc7 Nc3
23.Rfe1 e4 24.Rac1 Re8 25.Nb7 Nd5 26.Ba5 Be6 27.Nd6 Ra8 28.c7 Rxa5 29.c8=Q+ Bxc8
30.Rxc8+ Bf8 31.Rd1 Nf4 32.Nb7 Rxa2 33.Rdd8 Ne6 34.Re8 Kf7 35.Rxe6 Kxe6 36.Rxf8 Kd5
37.g4 fxg4 38.hxg4 Ra3 39.b4 Ra4 40.Rd8+ Ke5 41.Nc5 Rxb4 42.Kg2 Rc4 43.Nb3 Rc3
44.Nd2 Kf4 45.Rd4 Kxg4 46.Rxe4+ Kf5 47.Rb4 Rc5 48.Nb3 Rd5 49.Rxb5 Rxb5 50.Nd4+ Kf4
51.Nxb5 h5 52.Nd4 g5 53.Ne2+ Kf5 54.Kf3 g4+ 55.Kg3 Kg5 56.Nc1 h4+ 57.Kg2 Kf4
58.Nd3+ Kf5 59.Nc5 Kf4 60.Ne6+ Kf5 61.Nd4+ Ke4 62.Ne2 Kf5 63.Nd4+ Ke4 64.Nc2 Kf5
65.Ne3+ Kf4 66.Nxg4  1/2-1/2

[Event "XXIV Rapid"]
[Site "Villarrobledo ESP"]
[Date "2009.07.26"]
[Round "8"]
[White "Milov,V"]
[Black "Naiditsch,A"]
[Result "1-0"]
[WhiteElo "2659"]
[BlackElo "2697"]

1.d4 Nf6 2.c4 e6 3.Nc3 Bb4 4.e3 O-O 5.Bd3 d5 6.cxd5 Nxd5 7.Qc2 h6 8.Nf3 c5
9.O-O cxd4 10.exd4 Nc6 11.a3 Be7 12.Qe2 b6 13.Rd1 Bb7 14.Qe4 Nf6 15.Qh4 Re8
16.Qg3 Nh5 17.Qh3 Nf6 18.Ne5 Nxd4 19.Be3 Nb3 20.Bg6 fxg6 21.Rxd8 Bxd8 22.Re1 g5
23.Nb5 Bd5 24.Nc3 Bb7 25.f4 g4 26.Nxg4 Nxg4 27.Qxg4 Bf6 28.Bf2 Nd4 29.Ne4 Bxe4
30.Rxe4 Nf5 31.Qe2 Rac8 32.g4 Nh4 33.Bxh4 Bxh4 34.Rxe6 Red8 35.Kg2 Bf6 36.Re4 Kh7
37.Rc4 Rxc4 38.Qxc4 Rd2+ 39.Kg3 Rxb2 40.h4 Rd2 41.Qe4+ Kg8 42.g5 hxg5 43.hxg5 Bb2
44.Qe3 Bc1 45.Qe6+ Kh7 46.Qf5+ Kh8 47.Qc8+  1-0

[Event "Galicia Festival Blitz"]
[Site "Ourense ESP"]
[Date "2009.09.26"]
[Round "1"]
[White "Milov,V"]
[Black "Vazquez del Valle,R"]
[Result "1-0"]
[WhiteElo "2659"]
[BlackElo "1927"]

1.d4 Nf6 2.c4 g6 3.Nc3 Bg7 4.e4 d6 5.Bg5 c5 6.dxc5 dxc5 7.Qxd8+ Kxd8 8.O-O-O+ Ke8
9.e5 Ng4 10.Nd5 Na6 11.Nh3 Nxe5 12.Bxe7 Be6 13.Nhf4 Bh6 14.Bf6 Bxd5 15.Bxe5 Be4
16.f3 Bf5 17.g3 f6 18.Bxf6 Rf8 19.Be5 Nb4 20.b3 Nxa2+ 21.Kb2 Nb4 22.Nd5 Nxd5
23.cxd5 Kf7 24.d6 a6 25.Bc4+ Be6 26.Rhe1 Bxc4 27.bxc4 b5 28.d7 Bg5 29.Bd6 Rfd8
30.Bxc5 bxc4 31.Kc3 Rab8 32.Rd5 Rb3+ 33.Kxc4 Rxf3 34.Rxg5 Rxd7 35.Rd5 Rc7
36.Re2 Ra3 37.Kd4 Ra4+ 38.Ke5 Ra5 39.Rf2+ Kg8 40.Bd6 Rxd5+ 41.Kxd5 Rd7 42.Ke6 Rd8
43.Rb2 Kg7 44.Be5+ Kh6 45.Rb7 a5 46.Ra7 Re8+ 47.Kf6 Rf8+ 48.Ke7 Rf2 49.h4 Ra2
50.Kf6 Rf2+ 51.Bf4+ Kh5 52.Rxh7+ Kg4 53.Kxg6 a4 54.Ra7 Ra2 55.h5 Rh2 56.h6 a3
57.Rxa3  1-0

[Event "Galicia Festival Blitz"]
[Site "Ourense ESP"]
[Date "2009.09.26"]
[Round "2"]
[White "Outerelo Ucha,M"]
[Black "Milov,V"]
[Result "0-1"]
[WhiteElo "2169"]
[BlackElo "2659"]

1.e4 c5 2.Nf3 e6 3.d4 cxd4 4.Nxd4 a6 5.Nc3 d6 6.Be2 b5 7.f4 b4 8.Nb1 Bb7
9.Bf3 Nc6 10.Nxc6 Bxc6 11.O-O Nf6 12.Qe1 Qb6+ 13.Kh1 Qb7 14.e5 dxe5 15.fxe5 Nd5
16.Nd2 Be7 17.Ne4 O-O 18.Bg5 Bxg5 19.Nxg5 Qe7 20.Ne4 Rad8 21.Qg3 Kh8 22.Rae1 a5
23.Nd6 f5 24.Be2 f4 25.Qh3 Ne3 26.Rf3 Bxf3 27.Bxf3 Rxd6 28.Be4 h6 29.exd6 Qxd6
30.Qh5 Qd2 31.Rg1 Nf5 32.Qg6 Qd6 33.Bxf5 Rxf5 34.Qe8+ Rf8 35.Qg6 Qe5 36.b3 Qf5
37.Qxf5 Rxf5 38.Rf1 g5 39.Kg1 Rc5 40.Rf2 Kg7 41.Kf1 Kf6 42.Ke1 e5 43.Rd2 e4
44.Rd6+ Kf5 45.Kd2 h5 46.c4 bxc3+ 47.Kc2 e3 48.Rd8 Re5 49.Rd1 g4 50.Kxc3 f3  0-1

[Event "Galicia Festival Blitz"]
[Site "Ourense ESP"]
[Date "2009.09.26"]
[Round "3"]
[White "Milov,V"]
[Black "Pena Gomez,M"]
[Result "1-0"]
[WhiteElo "2659"]
[BlackElo "2439"]

1.d4 Nf6 2.c4 c5 3.d5 d6 4.Nc3 g6 5.e4 Bg7 6.Bd3 O-O 7.Bg5 h6 8.Bh4 Na6 9.h3 Nc7
10.Nf3 Nh5 11.Nd2 a6 12.a4 Qe8 13.O-O e6 14.Qf3 e5 15.g4 Nf4 16.Ne2 g5 17.Bg3 Nxh3+
18.Kg2 Nf4+ 19.Bxf4 exf4 20.e5 Qxe5 21.Nc3 f5 22.gxf5 Bxf5 23.Rae1 g4 24.Qd1 f3+
25.Nxf3 gxf3+ 26.Qxf3 Qf6 27.Bxf5 Qxf5 28.Qxf5 Rxf5 29.Ne4 Rd8 30.Ng3 Rf4
31.Re7 Rf7 32.Rfe1 Bf8 33.R7e4 b5 34.axb5 axb5 35.b3 bxc4 36.bxc4 Na6 37.f4 Nb4
38.Nh5 Kh7 39.Kf3 Nd3 40.Rg1 Bg7 41.Ke3 Nb4 42.Kf3 Rdf8 43.Re6 Be5 44.Rg4 Nc2
45.Ke4 Nd4 46.fxe5 Nxe6 47.dxe6 Re7 48.Nf6+ Rxf6 49.exf6 Rxe6+ 50.Kf5 Re5+
51.Kf4 Re1 52.Rg7+ Kh8 53.Kf5 h5 54.Rd7 h4 55.Rd8+ Kh7 56.f7 Rf1+ 57.Ke6 Kg7
58.Rg8+ Kh6 59.f8=Q+ Rxf8 60.Rxf8 Kg5 61.Kxd6  1-0

[Event "Galicia Festival Blitz"]
[Site "Ourense ESP"]
[Date "2009.09.26"]
[Round "5"]
[White "Milov,V"]
[Black "Drozdovskij,Y"]
[Result "0-1"]
[WhiteElo "2659"]
[BlackElo "2627"]

1.d4 Nf6 2.c4 e6 3.Nc3 Bb4 4.e3 c5 5.Bd3 cxd4 6.exd4 d5 7.cxd5 Nxd5 8.Ne2 Nc6
9.a3 Bd6 10.Ne4 Be7 11.Bc2 O-O 12.Qd3 e5 13.N2c3 Nxd4 14.Bb1 Bf5 15.O-O Rc8
16.Nxd5 Qxd5 17.Be3 Bg6 18.f4 Rfd8 19.Bxd4 Qxd4+ 20.Qxd4 Rxd4 21.f5 Bh5 22.Re1 Bg4
23.Nc3 Bh4 24.Rf1 Rd2 25.Ra2 h6 26.Ne4 Rd1 27.Nc3 Rxf1+ 28.Kxf1 f6 29.Be4 b6
30.h3 Bh5 31.Ra1 Rd8 32.g4 Bf7 33.Rd1 Rxd1+ 34.Nxd1 Kf8 35.Ke2 Ke7 36.Kd3 Kd6
37.b4 b5 38.Ne3 Bg5 39.Bf3 Bf4 40.Be4 h5 41.Bf3 Bxe3 42.Kxe3 h4 43.Bg2 Bd5
44.Bf1 a6 45.Kd2 Kc6 46.Ke3 Kd6 47.Kd2 Bf3 48.Ke3 e4 49.Kd4 Kc6 50.Ke3 Kd5
51.a4 bxa4 52.Bxa6 Bg2 53.Bc8 Bxh3 54.Bb7+ Kc4  0-1

[Event "Galicia Festival Blitz"]
[Site "Ourense ESP"]
[Date "2009.09.26"]
[Round "6"]
[White "Van Wely,L"]
[Black "Milov,V"]
[Result "1-0"]
[WhiteElo "2650"]
[BlackElo "2659"]

1.d4 Nf6 2.c4 c5 3.d5 g6 4.Nc3 Bg7 5.e4 d6 6.Nf3 O-O 7.h3 a6 8.a4 e6 9.Bd3 b6
10.Bg5 Ra7 11.Qd2 Qe8 12.Qf4 e5 13.Qd2 Nh5 14.g4 Nf4 15.Bxf4 exf4 16.Kf1 Nd7
17.Qxf4 Ne5 18.Nxe5 Bxe5 19.Qf3 f5 20.exf5 gxf5 21.g5 Rg7 22.h4 Qg6 23.Rg1 Qf7
24.Re1 Kh8 25.Ne2 Bxb2 26.Nf4 Be5 27.Nh5 Rgg8 28.Bc2 b5 29.axb5 axb5 30.cxb5 Bd7
31.Bd3 c4 32.Bxc4 Rc8 33.Bd3 Rc3 34.Re3 Rxd3 35.Rxd3 Bxb5 36.Nf6 Bxf6 37.gxf6 Bxd3+
38.Qxd3 Rxg1+ 39.Kxg1 Qxf6 40.Qe3 Kg7 41.h5 h6 42.Kf1 Qe5 43.Qf3 Kf6 44.Qg2 Qa1+
45.Ke2 Qb2+ 46.Ke1 Qc1+ 47.Ke2 Qc4+ 48.Ke3 Qc3+ 49.Ke2 Qe5+ 50.Kd3 Ke7 51.Kc4 Qe2+
52.Kd4 Qd2+ 53.Kc4 Qg5 54.Qf3 Kf6 55.Qc3+ Kf7 56.Qf3 Qc1+ 57.Kd4 Kf6 58.Qg3 Qd2+
59.Kc4 Qc2+ 60.Kd4 Qc5+ 61.Kd3 Qxd5+ 62.Kc2 Qc4+ 63.Kd2 Qd4+ 64.Kc2 Qe4+
65.Kd2 Ke6 66.Qg6+ Kd5 67.Qxh6 Qg2 68.Qf4 Qh3 69.h6 Ke6 70.Qe3+ Qxe3+ 71.Kxe3 Kf6
72.Kf4 Kg6 73.h7 Kxh7 74.Kxf5 Kh6 75.f4 Kh5 76.Ke6 Kg4 77.f5 d5 78.f6 d4
79.f7  1-0

[Event "Galicia Festival Blitz"]
[Site "Ourense ESP"]
[Date "2009.09.26"]
[Round "8"]
[White "Taboas Rodriguez,D"]
[Black "Milov,V"]
[Result "1-0"]
[WhiteElo "2371"]
[BlackElo "2659"]

1.d4 Nf6 2.Nf3 g6 3.c4 Bg7 4.Nc3 d6 5.e4 O-O 6.Be2 Na6 7.O-O e5 8.Bg5 Bg4
9.dxe5 dxe5 10.Nxe5 Qxd1 11.Bxd1 Bxd1 12.Raxd1 Rfe8 13.Nd7 Nxe4 14.Nxe4 Rxe4
15.b3 Rae8 16.Nf6+ Bxf6 17.Bxf6 h6 18.Rd7 g5 19.g3 Kh7 20.Kg2 Kg6 21.Bd4 R8e7
22.Rxe7 Rxe7 23.Be3 b6 24.Rd1 Nb4 25.Rd2 Kf5 26.h3 Nc6 27.Rd5+ Ke6 28.g4 Nb4
29.Rd2 f5 30.gxf5+ Kxf5 31.c5 Nc6 32.cxb6 axb6 33.a4 Na5 34.Rd3 Ke4 35.Rc3 Kd5
36.b4 Nc4 37.Bc1 Kd4 38.Rc2 Kd3 39.Ra2 Re1 40.Be3  1-0

[Event "TCh-SUI 2011"]
[Site "Switzerland SUI"]
[Date "2011.03.20"]
[Round "2.2"]
[White "Sadeghi,H"]
[Black "Milov,V"]
[Result "0-1"]
[WhiteElo "2251"]
[BlackElo "2653"]

1.e4 c5 2.Nc3 e6 3.g3 a6 4.Bg2 b5 5.Nh3 Bb7 6.d3 Nf6 7.O-O d5 8.Bg5 b4 9.Nxd5 exd5
10.e5 h6 11.exf6 hxg5 12.Re1+ Kd7 13.Qg4+ Kc7 14.fxg7 Bxg7 15.Nxg5 Qf6 16.h4 Nd7
17.c4 bxc3 18.bxc3 Rhe8 19.Qa4 Nb6 20.Qxe8 Rxe8 21.Rxe8 Bc6 22.Re3 Qxc3 23.Rae1 Nd7
24.Re7 Bf6 25.R7e3 Bd4 26.R3e2 Qxd3  0-1

[Event "Fynsmesterskabet 2011"]
[Site "Odense DEN"]
[Date "2011.06.01"]
[Round "1.1"]
[White "Milov,V"]
[Black "Svendsen,MadsB"]
[Result "1-0"]
[WhiteElo "2648"]
[BlackElo "2163"]

1.d4 Nf6 2.c4 g6 3.Nc3 d5 4.Nf3 Bg7 5.Bg5 dxc4 6.e4 c5 7.d5 b5 8.e5 Ng4 9.Bf4 Qa5
10.h3 g5 11.Bg3 f5 12.hxg4 f4 13.Bh2 Bxg4 14.Be2 h6 15.O-O O-O 16.a4 b4 17.Ne4 Nd7
18.Nfxg5 Bxe2 19.Qxe2 hxg5 20.Nxg5 Nxe5 21.Qe4  1-0

[Event "Fynsmesterskabet 2011"]
[Site "Odense DEN"]
[Date "2011.06.02"]
[Round "2.1"]
[White "Hagen,Andr"]
[Black "Milov,V"]
[Result "1/2-1/2"]
[WhiteElo "2346"]
[BlackElo "2648"]

1.e4 c5 2.Nf3 Nc6 3.d4 cxd4 4.Nxd4 Qb6 5.Nb3 Nf6 6.Nc3 e6 7.Qe2 Bb4 8.Bd2 O-O
9.O-O-O d5 10.e5 Bxc3 11.Bxc3 Ne4 12.Bd4 Nxd4 13.Nxd4 Bd7 14.Qe3 Rac8 15.Bd3 Nc5
16.Rhe1 Nxd3+ 17.Rxd3 Rc4 18.b3 Rc7 19.Rc3 Rxc3 20.Qxc3 a5 21.a4 f6 22.Qd2 Be8
23.f3 Bg6 24.Kb2 h6 25.exf6 Rxf6 26.Re5 Qd6 27.Qe3 Be4 28.Rh5 Bg6 29.Re5 Be4
30.Rh5  1/2-1/2

[Event "Fynsmesterskabet 2011"]
[Site "Odense DEN"]
[Date "2011.06.02"]
[Round "3.5"]
[White "Milov,V"]
[Black "Carlstedt,J"]
[Result "0-1"]
[WhiteElo "2648"]
[BlackElo "2308"]

1.d4 d5 2.c4 e6 3.Nc3 c5 4.cxd5 exd5 5.Nf3 Nc6 6.Bg5 Be7 7.Bxe7 Ngxe7 8.e3 c4
9.Be2 O-O 10.O-O b5 11.Nxb5 Rb8 12.Nc3 Rxb2 13.Qc1 Rb4 14.Rd1 Bf5 15.Nh4 Be6
16.g3 Qa5 17.Ng2 Rfb8 18.Nf4 Bf5 19.Rd2 R4b7 20.Bf3 Nb4 21.e4 dxe4 22.Nxe4 Nbd5
23.Nxd5 Nxd5 24.Nc5 Rb1  0-1

[Event "Fynsmesterskabet 2011"]
[Site "Odense DEN"]
[Date "2011.06.03"]
[Round "4.11"]
[White "Pedersen,NicK"]
[Black "Milov,V"]
[Result "0-1"]
[WhiteElo "2151"]
[BlackElo "2648"]

1.Nf3 Nc6 2.d4 d5 3.c4 Bg4 4.cxd5 Bxf3 5.exf3 Qxd5 6.Be3 e6 7.Nc3 Bb4 8.Be2 Nge7
9.O-O Qd7 10.a3 Ba5 11.Ne4 Rd8 12.Nc5 Qc8 13.Qa4 O-O 14.Rfd1 Bb6 15.Rac1 Rd6
16.Ne4 Rd5 17.Bc4 Rf5 18.b4 Nd5 19.Ng3 Rf6 20.Ne4 Rg6 21.Nc5 Nce7 22.Qb3 Nf5
23.Bd3 Rd8 24.a4 a6 25.a5 Bxc5 26.dxc5 c6 27.Be2 e5 28.Kh1 h5 29.Rc4 Qe6
30.Re4 Rd7 31.f4 Rxg2 32.Rxe5 Qg6 33.Bf3 Ndxe3 34.fxe3 Rxh2+ 35.Kxh2 Qg3+
36.Kh1 Qxf3+ 37.Kh2 Qf2+  0-1